New lamps for old ? : (Record no. 92749)

MARC details
000 -LEADER
fixed length control field 00873nam a22002417a 4500
005 - DATE AND TIME OF LATEST TRANSACTION
control field 20150518121808.0
010 ## - LCCN (DPL NO)
LC control number ENG-112585
020 ## - INTERNATIONAL STANDARD BOOK NUMBER
International Standard Book Number 9789381017180
Terms of availability 595.00
035 ## - SYSTEM CONTROL NUMBER
System control number EN-96117
037 ## - SOURCE OF ACQUISITION
Source of stock number/acquisition DBAD/PUB
082 ## - DEWEY DECIMAL CLASSIFICATION NUMBER
Classification number 320.082095483
100 ## - MAIN ENTRY--PERSONAL NAME
Personal name Devika, J.
245 00 - TITLE STATEMENT
Title New lamps for old ? :
Statement of responsibility, etc by J. Devika [and] Binitha V. Thampi
Remainder of title gender paradoxes political decentralisation in Kerala /
260 ## - PUBLICATION, DISTRIBUTION, ETC. (IMPRINT)
Place of publication, distribution, etc New Delhi
Name of publisher, distributor, etc Zubaan
Date of publication, distribution, etc 2012
270 ## - ADDRESS
Address 128 B, Shah Pur Jat, Ist Floor,
City New Delhi
Postal code 110049
300 ## - PHYSICAL DESCRIPTION
Extent lii,235p.
Dimensions 23cm(Hb)
500 ## - GENERAL NOTE
General note Includes bibliographical references (p. [213]-235).
650 ## - SUBJECT ADDED ENTRY--TOPICAL TERM
Topical term or geographic name as entry element Women
General subdivision Political activity
Geographic subdivision India
-- Kerala.
650 ## - SUBJECT ADDED ENTRY--TOPICAL TERM
Topical term or geographic name as entry element Panchayat
Geographic subdivision India
-- Kerala.
650 ## - SUBJECT ADDED ENTRY--TOPICAL TERM
Topical term or geographic name as entry element Decentralization in government
Geographic subdivision India
-- Kerala.
700 ## - ADDED ENTRY--PERSONAL NAME
Personal name Thampi, Binitha V.
942 ## - ADDED ENTRY ELEMENTS (KOHA)
Source of classification or shelving scheme Dewey Decimal Classification
Item type English Books
Call number suffix DEV
Classification part 320.082095483
Holdings
Withdrawn status Lost status Not for loan Collection code Home library Current library Date acquired Source of acquisition Cost, normal purchase price Full call number Barcode Copy number Cost, replacement price Koha item type
    Not For Loan Non-fiction D.B.Act.Division D.B.Act.Division 07/04/2015 DBAD/PUB 595.00 320.082095483 DEV EN-96117 1 595.00 English Books

© Delhi Public Library
Hit Counter
free hit counter